000 00631nam a2200241Ia 4500
005 20260430150345.0
008 008 250103s9999 xx 000 0 eng d
037 _aTheses
040 _aCRL
040 _beng
040 _ceng
041 _2eng
041 _aeng
084 _qCRL
100 _aNida Arif Au.; Sharma Anjana Gu.
_91237250
245 0 _aLiterature of Resistance: A Study of Ghassan Kanafani’s Selected Works
260 _c2023
300 _a227p.
650 _aEnglish Literature
700 _aUniversity of Delhi. Faculty of Arts. Deptt. of English
942 _cTH
999 _c1849593
_d1849593